Análisis de los resultados electorales

Enregistré dans:
Détails bibliographiques
Collectivité auteur: Instituto Histórico Centroamericano (Nicaragua)
Format: Texte
Publié: Alajuela: El Instituto
Sujets:
Tags: Ajouter un tag
Pas de tags, Soyez le premier à ajouter un tag!

MARC

LEADER 00000 a a2200000 04500
001 14424
003
040
090 |a 023100  
110 |a Instituto Histórico Centroamericano (Nicaragua)  
245 |a Análisis de los resultados electorales  
260 |a Alajuela:   |b El Instituto  
300 |a 8 p.  
650 |a ELECCIONES  
999 |c 12106  |d 12106